China and the Global Financial Crisis : Implications for the United States.

Assesses threat of current global financial crisis to China and its economy. Examines Chinese stake in and exposure to crisis, and its response so far. Discusses potential role of China in responding to the global financial crisis, and implications for U.S.

Bibliographic Details
Corporate Authors: Library of Congress. Congressional Research Service, ProQuest (Firm)
Format: eBook
Language:English
Published: [Place of publication not identified] : [publisher not identified], 2009.
Series:U.S. Congressional Research.
Subjects:
Online Access:Connect to the full text of this electronic book

MARC

Tag First Indicator Second Indicator Subfields
LEADER 00000cam a22000001a 4500
001 in00003405021
006 m d f
007 cr bn mmmapmmp
008 101223s2009 dcu o f000 0 eng d
005 20260429193813.9
035 |a cis2007869784 
040 |a ProQuest  |c ProQuest  |d UtOrBLW 
043 |a n-us--- 
099 |a CRS-2009-FDT-0296 
110 2 |a Library of Congress.  |b Congressional Research Service. 
245 1 0 |a China and the Global Financial Crisis :  |b Implications for the United States. 
264 1 |a [Place of publication not identified] :  |b [publisher not identified],  |c 2009. 
300 |a 1 online resource. 
336 |a text  |b txt  |2 rdacontent 
337 |a computer  |b c  |2 rdamedia 
338 |a online resource  |b cr  |2 rdacarrier 
500 |a Record is based on bibliographic data in ProQuest U.S. Congressional Research Digital Collection (last viewed Dec. 2010). Reuse except for individual research requires license from ProQuest, LLC. 
500 |a CRS Report. 
520 |a Assesses threat of current global financial crisis to China and its economy. Examines Chinese stake in and exposure to crisis, and its response so far. Discusses potential role of China in responding to the global financial crisis, and implications for U.S. 
500 |a Electronic resource. 
650 0 |a Business cycles. 
650 0 |a Economic policy. 
650 0 |a International finance. 
655 7 |a Electronic books.  |2 local 
710 2 |a ProQuest (Firm) 
776 0 8 |i Microfiche version:   |a Library of Congress. Congressional Research Service.  |t China and the Global Financial Crisis 
830 0 |a U.S. Congressional Research. 
856 4 0 |u http://proxy.library.tamu.edu/login?url=https://congressional.proquest.com/congcomp/getdoc?CRDC-ID=CRS-2009-FDT-0296  |z Connect to the full text of this electronic book  |t 0 
999 |a MARS 
999 f f |s 426cf106-f900-3676-b106-161ac926fbc5  |i 3d7c8fc8-cceb-33da-a54e-df0c5dd3bc79  |t 0 
952 f f |a Texas A&M University  |b College Station  |c Electronic Resources  |s www_evans  |d Available Online  |t 0  |e CRS-2009-FDT-0296  |h Other scheme 
998 f f |a CRS-2009-FDT-0296  |t 0  |l Available Online